Pays les plus riches en biodiversité - Statistiques

Statistiques générales
  • Ce quiz a été pris 37 fois
  • Le résultat moyen est 5 sur 7
Statistiques - réponses
Hint Réponse % Correct
180 000 sp. Brésil
97%
25 000 sp. Australie
88%
35 000 sp. Chine
79%
38 000 sp. Indonésie
76%
30 000 sp. Mexique
73%
59 00 sp. Colombie
64%
12 000 sp. Madagascar
36%
Aucun quiz correspondant
Distribution des résultats
% des personnes avec chaque résultat
Percentile par nombre de réponses
Votre historique - résultats
Vous n’avez pas pris ce quiz